Moto3 2026 Riders - Statistics

General Stats
  • This quiz has been taken 19 times
  • The average score is 17 of 26
Answer Stats
Team Nationality Rider % Correct
Leopard Racing Spanish Adrian Fernandez
89%
Red Bull KTM Ajo Spanish Alvaro Carpe
89%
Liqui Moly Dynavolt Intact GP Spanish David Almansa
89%
Liqui Moly Dynavolt Intact GP Spanish David Muñoz
89%
GRYD - MLav Racing British Eddie O'Shea
89%
Honda Team Asia Indonesian Veda Pratama
89%
Red Bull KTM Ajo Spanish Brian Uriarte
78%
Leopard Racing Italian Guido Pini
78%
CFMOTO Aspar Team Spanish Maximo Quiles
78%
Red Bull KTM Tech3 Argentine Valentin Perrone
78%
SIC58 Squadra Corse Irish Casey O'Gorman
67%
CODE Motorsports New Zealander Cormac Buchanan
67%
AEON Credit - MT Helmets - MSI Malaysian Hakim Danish
67%
GRYD - MLav Racing Australian Joel Kelso
67%
Red Bull KTM Tech3 Finnish Rico Salmela
67%
AEON Credit - MT Helmets - MSI Japanese Ryusei Yamanaka
67%
CIP Green Power British Scott Ogden
67%
Honda Team Asia Japanese Zen Mitani
67%
CFMOTO Aspar Team Argentine Marco Morelli
56%
CODE Motorsports South African Ruche Moodley
56%
LEVELUP - MTA Spanish Joel Esteban
44%
LEVELUP - MTA Italian Matteo Bertelle
44%
CIP Green Power Spanish Adrian Cruces
33%
Rivacold Snipers Team Spanish Jesus Rios
33%
SIC58 Squadra Corse Austrian Leo Rammerstorfer
33%
Rivacold Snipers Team Italian Nicola Carraro
22%
No matching quizzes found
Score Distribution
Percent of People with Each Score
Percentile by Number Answered
Your Score History
You have not taken this quiz